Normal view MARC view
  • Español

Entry Materia

Number of records used in: 7

001 - NÚMERO DE CONTROL DEL REGISTRO

  • campo de control: 6883

003 - IDENTIFICADOR DE NUMERO DE CONTROL

  • campo de control: MX-MxUPN

005 - FECHA Y HORA DE LA ÚLTIMA TRANSACCIÓN

  • campo de control: 20240416112040.0

008 - DATOS DE LONGITUD FIJA

  • campo de control de longitud fija: 240416nn fnnnnbabn b ana |d

035 ## - NÚMERO DE CONTROL DEL SISTEMA

  • Número de control del sistema: UPN10000006885

040 ## - FUENTE DE LA CATALOGACIÓN

  • Centro catalogador de origen: MX-MxUPN
  • Lengua de catalogación: spa

150 ## - ENCABEZAMIENTO - TEMÁTICO

  • Término de materia o nombre geográfico como elemento inicial: Español
  • Subdivisión de forma: Exámenes, preguntas, etc.

670 ## - FUENTE EN LA QUE SE LOCALIZARON DATOS

  • Cita de la fuente: E/P

902 ## - CATALOGADOR

  • Catalogador: CAA/260607